Central Library OPAC University of Rajshahi

Factors Affecting Infant and Child Mortality in Bangladesh : (Record no. 80413)

MARC details
000 -LEADER
fixed length control field 00914nam a2200241 a 4500
001 - CONTROL NUMBER
RUCL Control Number 80413
003 - CONTROL NUMBER IDENTIFIER
rucl marc code BD-RjUL
005 - DATE AND TIME OF LATEST TRANSACTION
control field 20230405120344.0
008 - FIXED-LENGTH DATA ELEMENTS--GENERAL INFORMATION
fixed length control field 220922s2008 bg a|||| m||| 00| 0 eng d
035 ## - SYSTEM CONTROL NUMBER
system control number (BD-RjUL)80413
040 ## - CATALOGING SOURCE
Original cataloging agency BD-RjUL
Language of cataloging eng
Transcribing agency BD-RjUL
Modifying agency BD-RjUL
041 ## - LANGUAGE CODE
Language code of Book eng
082 ## - DEWEY DECIMAL CLASSIFICATION NUMBER
Classification number 519.535
Author mark and Year ISF 2008
DDC Edition number 23
100 ## - MAIN ENTRY--PERSONAL NAME
Personal name Islam, Md. Mogibul
9 (RLIN) 4949
245 01 - TITLE STATEMENT
Title Factors Affecting Infant and Child Mortality in Bangladesh :
Remainder of title A Multivariate Analysis /
Statement of responsibility, etc By Md. Mogibul Islam ;
Name of Supervisor/Co-Supervisor Supervision : Md. Nurul Islam
260 ## - PUBLICATION, DISTRIBUTION, ETC. (IMPRINT)
Place of publication, distribution, etc Rajshahi :
Name of publisher, distributor, etc Department of Statistics, University of Rajshahi,
Date of publication, distribution, etc 2008
300 ## - PHYSICAL DESCRIPTION
Pagination x, 119 Leaves :
Other physical details ill, ;
Dimensions 29 cm.
502 ## - DISSERTATION NOTE
Dissertation note Thesis (M. Phil.) -- Department of Statistics, University of Rajshahi, 2008
504 ## - BIBLIOGRAPHY, ETC. NOTE
Bibliography, etc Bibliography : Leaves [115]-119
650 ## - SUBJECT ADDED ENTRY--TOPICAL TERM
Topical term or geographic name as entry element Affecting
Form subdivision Multivarate Analysis
9 (RLIN) 4950
700 ## - ADDED ENTRY--SUPERVISOR/CO-SUPERVISOR NAME
Personal name Islam, Md. Nurul, Supervision
9 (RLIN) 4951
942 ## - ADDED ENTRY ELEMENTS (KOHA)
Source of classification or shelving scheme Dewey Decimal Classification
Koha item type Theses
Holdings
Source of classification or shelving scheme Damaged status Not for loan Collection code Permanent Location Current Location Shelving location Date of accession Source of acquisition Total Checkouts Full call number Barcode Date last seen Copy number Thesis
Dewey Decimal Classification   Not For Loan Theses Central Library, University of Rajshahi Central Library, University of Rajshahi Documentation Section 12/08/2009 Controller of Exam. R.U   THE 519.535 ISF 2008 D2959 22/09/2022 C-1 Theses